[Event "World Rapid Women 2019"]
[Site "Moscow RUS"]
[Date "2019.12.28"]
[Round "10.60"]
[White "Bogumil, Tatiana"]
[Black "Nur-Mukhametova, Alisa"]
[Result "0-1"]
[WhiteTitle "WGM"]
[WhiteElo "2182"]
[BlackElo "2213"]
[WhiteFideId "4110579"]
[BlackFideId "54117739"]
[EventDate "2019.12.26"]

1. Nf3 Nf6 2. c4 g6 3. b3 Bg7 4. Bb2 O-O 5. g3 c5 6. Bg2 Nc6 7. O-O Re8 8. d4 d5
9. cxd5 Nxd5 10. e3 Bg4 11. h3 Bxf3 12. Bxf3 cxd4 13. exd4 Ndb4 14. a3 Nxd4 15.
axb4 Nxf3+ 16. Qxf3 Bxb2 17. Ra2 Bd4 18. Qxb7 Rb8 19. Qf3 Rxb4 20. Nd2 Qb6 21.
Kg2 Rc8 22. h4 Qb7 23. Qxb7 Rxb7 24. Nf3 Bf6 25. Rb1 h5 26. b4 Rc4 27. b5 e6 28.
Ra6 Bd8 29. Rb2 Rc5 30. Raa2 Rd5 31. Rb3 Bb6 32. Rc2 Kg7 33. Ra2 Rc7 34. Re2
Rcc5 35. Reb2 e5 36. Ng5 Rc4 37. Re2 f6 38. Ne4 Rdd4 39. f3 Rb4 40. Reb2 Rbc4
41. Re2 Rd7 42. Ra2 Rdc7 43. Rbb2 f5 44. Ng5 Kf6 45. Rd2 Rd4 46. Re2 Rd5 47.
Rad2 Rcc5 48. Nh7+ Kg7 49. Ng5 Kf6 50. Rxd5 Rxd5 51. Rb2 Ke7 52. Kf1 Bd4 53. Rb3
Kd7 54. Ke2 Kc7 55. Ne6+ Kb6 56. Kd3 Bf2+ 57. Kc4 Rd6 58. Ng5 Bxg3 59. Ra3 Rd4+
60. Kc3 Kxb5 61. Rxa7 Bxh4 62. Nf7 Be1+ 63. Kc2 h4 64. Nxe5 h3 65. Ra1 Rd2+ 66.
Kb3 Re2 67. Nd3 h2 68. Nf2 Bxf2 0-1

[Event "World Rapid Women 2019"]
[Site "Moscow RUS"]
[Date "2019.12.28"]
[Round "11.1"]
[White "Lei, Tingjie"]
[Black "Muzychuk, Anna"]
[Result "1/2-1/2"]
[WhiteTitle "GM"]
[BlackTitle "GM"]
[WhiteElo "2483"]
[BlackElo "2537"]
[WhiteFideId "8605114"]
[BlackFideId "14111330"]
[EventDate "2019.12.26"]

1. e4 e5 2. Nf3 Nc6 3. Bb5 a6 4. Ba4 Nf6 5. O-O Nxe4 6. d4 b5 7. Bb3 d5 8. dxe5
Be6 9. c3 Bc5 10. Qd3 O-O 11. Be3 Bxe3 12. Qxe3 Na5 13. Nbd2 Nxd2 14. Nxd2 Qe7
15. Bc2 Rad8 16. b4 Nc4 17. Nxc4 bxc4 18. Rad1 a5 19. a3 axb4 20. axb4 f5 21.
exf6 Qxf6 22. Rd4 Bf5 23. Rf4 Qg6 24. Rxf5 Rxf5 25. Qc5 Rdf8 26. Bxf5 Qxf5 27.
Qxc7 Qf6 28. Qd7 Qxc3 29. Qxd5+ Kh8 30. Qd6 Re8 31. b5 Qe5 32. Qc6 c3 33. b6 Qe6
34. Qc7 Rc8 35. Qf4 Qxb6 36. Rc1 c2 37. h3 h6 38. Qd2 Qc5 39. Qd3 Qb4 40. g3 Qb2
41. Qd2 Qb3 42. Kh2 Qc4 43. h4 Qe4 44. Kg1 Kh7 45. Kh2 Rc6 46. Kg1 Rc4 47. Kh2
Rc6 48. Kg1 Rc4 1/2-1/2

[Event "World Rapid Women 2019"]
[Site "Moscow RUS"]
[Date "2019.12.28"]
[Round "11.2"]
[White "Girya, Olga"]
[Black "Tan, Zhongyi"]
[Result "0-1"]
[WhiteTitle "WGM"]
[BlackTitle "GM"]
[WhiteElo "2488"]
[BlackElo "2502"]
[WhiteFideId "4195752"]
[BlackFideId "8603642"]
[EventDate "2019.12.26"]

1. d4 Nf6 2. c4 e6 3. Nf3 d5 4. Nc3 Be7 5. Bf4 O-O 6. e3 Nbd7 7. Be2 dxc4 8. O-O
a6 9. a4 c5 10. Bxc4 cxd4 11. exd4 Nb6 12. Bb3 Nbd5 13. Be5 b6 14. Bxf6 Nxf6 15.
d5 exd5 16. Nxd5 Nxd5 17. Bxd5 Ra7 18. Ne5 Qd6 19. Re1 Rc7 20. Qb3 Be6 21. Bxe6
Qxe6 22. Qd3 Bb4 23. Re4 a5 24. Nf3 Qf6 25. Qe2 Rd7 26. h4 h6 27. Rc1 Bc5 28. b3
Rd5 29. Re1 Qc3 30. Qc4 Qxc4 31. bxc4 Rd3 32. Ne5 Rd2 33. R4e2 Rfd8 34. Kf1 Rxe2
35. Kxe2 Bb4 36. Rd1 Re8 37. Rd5 f6 38. Kd3 Rxe5 0-1

[Event "World Rapid Women 2019"]
[Site "Moscow RUS"]
[Date "2019.12.28"]
[Round "11.3"]
[White "Bulmaga, Irina"]
[Black "Atalik, Ekaterina"]
[Result "1/2-1/2"]
[WhiteTitle "IM"]
[BlackTitle "IM"]
[WhiteElo "2434"]
[BlackElo "2462"]
[WhiteFideId "13903063"]
[BlackFideId "4130189"]
[EventDate "2019.12.26"]

1. e4 c6 2. d4 d5 3. exd5 cxd5 4. Bd3 Nc6 5. c3 Nf6 6. Nf3 g6 7. O-O Bg7 8. Re1
O-O 9. h3 Bf5 10. Bf4 Bxd3 11. Qxd3 e6 12. Nbd2 Qb6 1/2-1/2

[Event "World Rapid Women 2019"]
[Site "Moscow RUS"]
[Date "2019.12.28"]
[Round "11.4"]
[White "Voit, Daria"]
[Black "Koneru, Humpy"]
[Result "0-1"]
[WhiteTitle "WGM"]
[BlackTitle "GM"]
[WhiteElo "2336"]
[BlackElo "2574"]
[WhiteFideId "4182146"]
[BlackFideId "5008123"]
[EventDate "2019.12.26"]

1. Nf3 Nf6 2. d4 e6 3. c4 b6 4. g3 Bb4+ 5. Bd2 Bxd2+ 6. Nbxd2 Bb7 7. Bg2 O-O 8.
O-O d6 9. Qc2 Nbd7 10. e4 e5 11. d5 a5 12. Ne1 c6 13. Nd3 cxd5 14. exd5 Qc7 15.
Rac1 Rae8 16. Rfe1 Nc5 17. Nxc5 bxc5 18. Re3 Nd7 19. Ra3 f5 20. Nf3 Ra8 21. Ng5
Rf6 22. Ne6 Qc8 23. Qa4 Nf8 24. Nxf8 Rxf8 25. Qb5 Qc7 26. Rb3 Rfb8 27. Qb6 Qd7
28. Qb5 Qd8 29. Qb6 Qe7 30. a4 h6 31. Bh3 e4 32. Bxf5 Qg5 33. Be6+ Kh7 34. Re1
Bxd5 35. Bxd5 Rxb6 36. Rxb6 Rf8 37. Bxe4+ Kh8 38. Bd5 Qd2 39. Rf1 Qd4 40. Rb5
Qd2 41. Kg2 h5 42. h4 Kh7 43. Rb6 Rf6 44. Be4+ Kh6 45. Rb8 g6 46. Bd5 g5 47.
Rh8+ Kg7 48. Rg8+ Kh7 49. Rxg5 Qxb2 50. Rxh5+ Kg7 51. Rg5+ Kh6 52. Rg4 Qc2 53.
Bc6 d5 54. cxd5 c4 55. Bb5 c3 56. Rd4 Qb2 57. d6 c2 58. d7 Qxd4 0-1

[Event "World Rapid Women 2019"]
[Site "Moscow RUS"]
[Date "2019.12.28"]
[Round "11.5"]
[White "Kovanova, Baira"]
[Black "Danielian, Elina"]
[Result "1/2-1/2"]
[WhiteTitle "WGM"]
[BlackTitle "GM"]
[WhiteElo "2335"]
[BlackElo "2399"]
[WhiteFideId "4164083"]
[BlackFideId "13300210"]
[EventDate "2019.12.26"]

1. e4 d6 2. d4 Nf6 3. Nc3 c6 4. Nf3 Bg4 5. Be2 e6 6. O-O d5 7. exd5 cxd5 8. Ne5
Bxe2 9. Nxe2 Nc6 10. Ng3 Qc7 11. Re1 Nxe5 12. dxe5 Nd7 13. Qe2 g6 14. c3 Bg7 15.
f4 O-O 16. Be3 Rfc8 17. Nf1 Qc4 18. Nd2 Qxe2 19. Rxe2 b5 20. Nb3 Bf8 21. a3 a6
22. Bd4 a5 23. Ree1 Rc4 24. Nd2 Rc6 25. Kf2 Nc5 26. Ke2 Na4 27. Ra2 Bc5 28. Nb3
Bxd4 29. Nxd4 Rb6 30. Kd2 Rc8 31. Nb3 Ra6 32. Nd4 Rb6 33. Nb3 1/2-1/2

[Event "World Rapid Women 2019"]
[Site "Moscow RUS"]
[Date "2019.12.28"]
[Round "11.7"]
[White "Lagno, Kateryna"]
[Black "Mammadova, Gulnar"]
[Result "1-0"]
[WhiteTitle "GM"]
[BlackTitle "IM"]
[WhiteElo "2547"]
[BlackElo "2386"]
[WhiteFideId "14109336"]
[BlackFideId "13403508"]
[EventDate "2019.12.26"]

1. e4 e6 2. d4 d5 3. Nd2 a6 4. Bd3 c5 5. Ngf3 Nc6 6. exd5 exd5 7. O-O c4 8. Re1+
Be7 9. Bf1 Nf6 10. b3 b5 11. a4 c3 12. axb5 cxd2 13. Bxd2 Nb8 14. bxa6 O-O 15.
Ne5 Bd6 16. a7 Nbd7 17. Ba5 Nb6 18. c4 dxc4 19. bxc4 Bc7 20. Bb4 Re8 21. Qf3 h5
22. Nc6 Qd7 23. Rxe8+ Qxe8 24. Ne7+ Kh8 25. h3 Qd7 26. Bc5 Bb7 27. d5 Bd6 28.
Bxd6 Qxd6 29. Nf5 Qe5 30. Rb1 Qc7 31. Qe3 Nbd7 32. Qg5 Rg8 33. d6 Qc6 34. Ne7
Qe4 35. Rxb7 Qxb7 36. Nxg8 Kxg8 37. Qa5 Qa8 38. Be2 Ne5 39. Qxe5 Qxa7 40. Bf3 h4
41. c5 Nd7 42. Qe8+ Kh7 43. c6 Nf6 44. Qe5 Qa4 45. Qf5+ Kh6 46. c7 1-0

[Event "World Rapid Women 2019"]
[Site "Moscow RUS"]
[Date "2019.12.28"]
[Round "11.8"]
[White "Munguntuul, Batkhuyag"]
[Black "Muzychuk, Mariya"]
[Result "0-1"]
[WhiteTitle "IM"]
[BlackTitle "GM"]
[WhiteElo "2430"]
[BlackElo "2559"]
[WhiteFideId "4900758"]
[BlackFideId "14114550"]
[EventDate "2019.12.26"]

1. e4 c5 2. Nf3 e6 3. d4 cxd4 4. Nxd4 Nf6 5. Nc3 Nc6 6. Nxc6 bxc6 7. e5 Nd5 8.
Ne4 Qc7 9. f4 Qb6 10. c4 Bb4+ 11. Ke2 f5 12. Nf2 Ba6 13. Kf3 Ne7 14. b3 g5 15.
Nd3 Qd4 16. Bb2 Qe4+ 17. Kf2 gxf4 18. Qe2 Ba5 19. Qxe4 fxe4 20. Nxf4 Bb6+ 21.
Ke1 O-O 22. g3 Nf5 23. Bg2 e3 24. Rd1 Ba5+ 25. Ke2 Rab8 26. Ba1 Rf7 27. Be4 Bd2
28. Nh5 d5 29. exd6 Nxd6 30. Nf6+ Rxf6 31. Bxf6 Nxe4 32. Bd4 Rd8 33. Bxe3 Nc3+
34. Kf3 Rf8+ 35. Bf4 Nxd1 36. Rxd1 Bxf4 37. gxf4 e5 38. Rd7 Rxf4+ 39. Ke3 Rf7
40. Rd6 Bb7 41. Re6 Kf8 42. Rxe5 Re7 43. Kf4 Rxe5 44. Kxe5 Ke7 45. b4 Ba6 46.
Kd4 Kd6 47. a4 c5+ 0-1

[Event "World Rapid Women 2019"]
[Site "Moscow RUS"]
[Date "2019.12.28"]
[Round "11.9"]
[White "Pogonina, Natalija"]
[Black "Arabidze, Meri"]
[Result "1-0"]
[WhiteTitle "WGM"]
[BlackTitle "IM"]
[WhiteElo "2479"]
[BlackElo "2435"]
[WhiteFideId "4147855"]
[BlackFideId "13604040"]
[EventDate "2019.12.26"]

1. d4 d5 2. c4 e6 3. g3 Nf6 4. Bg2 Bb4+ 5. Nd2 O-O 6. a3 Be7 7. Ngf3 b6 8. O-O
Bb7 9. cxd5 exd5 10. b4 Nbd7 11. Bb2 Bd6 12. Ne5 Re8 13. Ndc4 Bf8 14. Rc1 c6 15.
Ne3 Nxe5 16. dxe5 Nd7 17. f4 b5 18. Nf5 Nb6 19. e4 Nc4 20. Bd4 g6 21. Ne3 Nxe3
22. Bxe3 a5 23. exd5 cxd5 24. Bc5 axb4 25. axb4 Ra2 26. Qd4 Bg7 27. Rf2 Rxf2 28.
Qxf2 f6 29. exf6 Qxf6 30. Rd1 Qc3 31. Qd2 Qxd2 32. Rxd2 Rd8 33. Re2 Bf8 34. Re6
Bc8 35. Rb6 d4 36. Rb8 d3 37. Bf3 d2 38. Bd1 Re8 39. Kf2 h5 40. h3 Kf7 41. Bb3+
Kg7 42. g4 Bxc5+ 43. bxc5 hxg4 44. hxg4 Be6 45. Rb7+ Kf6 46. Bd1 g5 47. f5 Bc4
48. Rd7 Rc8 49. Rxd2 Rxc5 50. Rd6+ Kf7 51. Rg6 Rd5 52. Bf3 Rd2+ 53. Ke3 Rd3+ 54.
Ke4 Rc3 55. Rxg5 b4 56. Rg6 Bd3+ 57. Kf4 b3 58. Rb6 Bc4 59. Be4 Rc1 60. g5 Rf1+
61. Ke5 Re1 62. g6+ Kg7 63. f6+ Kh6 64. Kd4 Rxe4+ 65. Kxe4 Kxg6 66. Kd4 Bf7 67.
Ke5 Kg5 68. Rb4 Bg8 69. Rb7 Kh6 70. f7 1-0

[Event "World Rapid Women 2019"]
[Site "Moscow RUS"]
[Date "2019.12.28"]
[Round "11.10"]
[White "Kashlinskaya, Alina"]
[Black "Abdumalik, Zhansaya"]
[Result "1-0"]
[WhiteTitle "IM"]
[BlackTitle "IM"]
[WhiteElo "2484"]
[BlackElo "2465"]
[WhiteFideId "4198026"]
[BlackFideId "13703544"]
[EventDate "2019.12.26"]

1. d4 Nf6 2. c4 g6 3. Nc3 d5 4. Bf4 Bg7 5. e3 O-O 6. cxd5 Nxd5 7. Nxd5 Qxd5 8.
Bxc7 Na6 9. Bxa6 Qxg2 10. Qf3 Qxf3 11. Nxf3 bxa6 12. Rc1 f6 13. Rg1 Rf7 14. b3
Bb7 15. Ke2 Re8 16. Rgd1 e6 17. Ba5 g5 18. Nd2 g4 19. f3 h5 20. Rg1 e5 21. dxe5
Rxe5 22. Bc3 gxf3+ 23. Nxf3 Re8 24. Bd4 Rd8 25. Nh4 Kh7 26. Nf5 Bf8 27. Rcf1 a5
28. Rf4 Ba6+ 29. Kf3 Bb7+ 30. Kf2 Rc8 31. Rh4 Rc2+ 32. Kg3 Kg6 33. Kf4+ Rg2 34.
Rxg2+ Bxg2 35. e4 Rd7 36. Kg3 Bf1 37. Rf4 Rxd4 38. Nxd4 Bd6 39. Kf3 Bxf4 40.
Kxf4 a6 41. Nc6 a4 42. bxa4 Bc4 43. a3 Kf7 44. h4 Ke6 45. Nd4+ Kf7 46. a5 Bd3
47. Nf5 Bc2 48. Ne3 Bb3 49. Nd5 Kg6 50. Ne7+ Kf7 51. Nc6 Bc4 52. Nd4 Bd3 53. Ke3
Bc4 54. Nf5 Kg6 55. Kd4 Bb5 56. Kd5 Be2 57. Nd4 Bd3 58. Ne6 Bb1 59. Nc5 f5 60.
exf5+ Kxf5 61. Nxa6 Bd3 62. Nc7 Bf1 63. a6 Kg4 64. a7 Bg2+ 65. Kd4 Bb7 66. a4
Kxh4 67. a5 Kg3 68. a6 Bc6 69. a8=Q Bxa8 70. Nxa8 h4 71. a7 h3 72. Nb6 h2 73.
a8=Q 1-0

[Event "World Rapid Women 2019"]
[Site "Moscow RUS"]
[Date "2019.12.28"]
[Round "11.11"]
[White "Dzagnidze, Nana"]
[Black "Khomeriki, Nino"]
[Result "0-1"]
[WhiteTitle "GM"]
[BlackTitle "WGM"]
[WhiteElo "2520"]
[BlackElo "2355"]
[WhiteFideId "13601903"]
[BlackFideId "13603191"]
[EventDate "2019.12.26"]

1. c4 e5 2. Nc3 Nc6 3. g3 g6 4. Bg2 Bg7 5. e3 Nf6 6. Nge2 O-O 7. O-O d6 8. d3
Be6 9. Nd5 Qd7 10. Rb1 Ne8 11. Re1 Bh3 12. Bh1 Nd8 13. b4 c6 14. Ndc3 a6 15. Bb2
Nf6 16. d4 Ng4 17. dxe5 Nxe5 18. c5 dxc5 19. bxc5 Nd3 20. Ne4 Nxb2 21. Qc2 Bf5
22. Nd4 Bxe4 23. Bxe4 Re8 24. Rxb2 Bxd4 25. Rd1 Qe7 26. Rxd4 Ne6 27. Rc4 Rad8
28. h4 Rd7 29. Qc3 Nxc5 30. Bc2 Ne6 31. a4 Ng7 32. Re4 Qd8 33. Rxe8+ Nxe8 34.
Bb3 Qf6 35. Qc1 h5 36. Rd2 Rxd2 37. Qxd2 Nd6 38. Qb4 b5 39. Bc2 Kg7 40. Qc5 Nc4
41. Be4 Ne5 42. Qd4 bxa4 43. Qxa4 c5 44. Kg2 c4 45. Qa5 Ng4 46. Bf3 c3 47. Qc5
Kh7 48. Qc7 Kg7 49. Qc5 Qe5 50. Qc4 a5 51. Bd1 Qf6 52. Bf3 Qxf3+ 0-1

[Event "World Rapid Women 2019"]
[Site "Moscow RUS"]
[Date "2019.12.28"]
[Round "11.12"]
[White "Osmak, Iulija"]
[Black "Stefanova, Antoaneta"]
[Result "0-1"]
[WhiteTitle "IM"]
[BlackTitle "GM"]
[WhiteElo "2388"]
[BlackElo "2476"]
[WhiteFideId "14101602"]
[BlackFideId "2902257"]
[EventDate "2019.12.26"]

1. e4 e5 2. Nf3 Nc6 3. Bb5 a6 4. Ba4 Nf6 5. Nc3 Bd6 6. d3 h6 7. a3 b5 8. Bb3 Bb7
9. O-O O-O 10. Ne2 Re8 11. Ng3 Bf8 12. Nh4 d5 13. exd5 Nd4 14. Ba2 Bxd5 15. Bxd5
Qxd5 16. Nhf5 Nxf5 17. Nxf5 Rad8 18. f3 c5 19. Qe1 Qd7 20. Ne3 Nh5 21. Bd2 Nf4
22. b3 Ne6 23. a4 Nd4 24. Qf2 f5 25. Bc3 f4 26. Nd1 c4 27. Bxd4 exd4 28. bxc4
bxa4 29. Qd2 a3 30. Nf2 Qa4 31. Qxf4 Qxc2 32. Rfc1 Qe2 33. Ne4 Qxd3 34. c5 Rc8
35. Rd1 Qb3 36. Rdb1 Qe6 37. Rxa3 Bxc5 38. Nxc5 Rxc5 39. Qxd4 Rc2 40. Rf1 Qg6
41. Qg4 Qb6+ 42. Kh1 Ree2 43. Rg1 Qxg1+ 0-1

[Event "World Rapid Women 2019"]
[Site "Moscow RUS"]
[Date "2019.12.28"]
[Round "11.13"]
[White "Socko, Monika"]
[Black "Ushenina, Anna"]
[Result "1/2-1/2"]
[WhiteTitle "GM"]
[BlackTitle "GM"]
[WhiteElo "2407"]
[BlackElo "2416"]
[WhiteFideId "1106619"]
[BlackFideId "14110911"]
[EventDate "2019.12.26"]

1. d4 d5 2. c4 e6 3. Nf3 Nf6 4. g3 dxc4 5. Bg2 Bd7 6. Ne5 Bc6 7. Nxc6 Nxc6 8.
O-O Qd7 9. e3 Rd8 10. Qe2 e5 11. Qxc4 exd4 12. Qb5 Rb8 13. Rd1 a6 14. Qf1 Bd6
15. exd4 O-O 16. Nd2 Ne7 17. Nc4 Ned5 18. Ne5 Qd8 19. Bg5 h6 20. Bxd5 hxg5 21.
Bb3 c6 22. Qh3 Qc8 23. Qxc8 Rbxc8 24. Rac1 Rcd8 25. Kg2 Bc7 26. Nf3 g4 27. Ne5
Bd6 28. Rc3 g5 29. Re3 Kg7 30. Nc4 Bc7 31. Re2 Nd5 32. Ne3 Nxe3+ 33. Rxe3 Rd7
34. d5 c5 35. Re4 f5 36. Re6 Bd6 37. Rde1 b5 38. Bc2 c4 39. a3 Rdd8 40. R1e2 a5
41. Bb1 Rf7 42. Bc2 Bc5 43. R6e5 Bd4 44. Rxf5 Rxf5 45. Bxf5 Rxd5 46. Bxg4 b4 47.
axb4 axb4 48. Re7+ Kf6 49. Re6+ Kg7 50. Rc6 Rc5 51. Rxc5 Bxc5 52. Be6 c3 53.
bxc3 bxc3 54. Bb3 g4 55. f3 gxf3+ 56. Kxf3 Kh6 57. Bc2 Bd6 58. Kg4 Bc7 59. Kf3
Bd6 60. Kg2 Bc7 61. g4 Kg5 62. h3 Kh4 63. Bd1 Bd8 1/2-1/2

[Event "World Rapid Women 2019"]
[Site "Moscow RUS"]
[Date "2019.12.28"]
[Round "11.14"]
[White "Zimina, Olga"]
[Black "Gunina, Valentina"]
[Result "0-1"]
[WhiteTitle "IM"]
[BlackTitle "GM"]
[WhiteElo "2390"]
[BlackElo "2492"]
[WhiteFideId "4132190"]
[BlackFideId "4167570"]
[EventDate "2019.12.26"]

1. Nf3 d5 2. c4 d4 3. g3 c5 4. Bg2 Nc6 5. O-O e5 6. d3 Bg4 7. h3 Bh5 8. e3 Bd6
9. exd4 cxd4 10. Re1 Nge7 11. g4 Bg6 12. c5 Bc7 13. b4 O-O 14. a3 f6 15. Nh4 Bf7
16. Nd2 Nd5 17. Ne4 Nce7 18. Qf3 Qd7 19. Bd2 Be6 20. Rac1 b6 21. Nf5 Rad8 22.
Nxe7+ Qxe7 23. Qd1 bxc5 24. Nxc5 Bf7 25. f4 Bb6 26. fxe5 fxe5 27. Qe2 Rfe8 28.
Rf1 Rc8 29. Ne4 Rxc1 30. Rxc1 Nf4 31. Bxf4 exf4 32. Qf2 Qe5 33. Bf3 h6 34. Qc2
Qe7 35. Qd2 Bc7 36. Rc6 Be5 37. Qc2 Kh7 38. Rc5 Bg6 39. Kg2 Bb8 40. Rc6 Bf7 41.
Qc5 Qh4 42. Qf5+ Kg8 43. Rc8 Qe7 44. Rc6 Qh4 45. Rc8 Qe7 46. Rc6 Rd8 47. Rc8 Qe8
48. Rc6 Qxc6 0-1

[Event "World Rapid Women 2019"]
[Site "Moscow RUS"]
[Date "2019.12.28"]
[Round "11.15"]
[White "Afonasieva, Anna"]
[Black "Khademalsharieh, Sarasadat"]
[Result "0-1"]
[WhiteTitle "WFM"]
[BlackTitle "IM"]
[WhiteElo "2302"]
[BlackElo "2487"]
[WhiteFideId "24173606"]
[BlackFideId "12512214"]
[EventDate "2019.12.26"]

1. d4 Nf6 2. Nf3 e6 3. c4 a6 4. g3 b5 5. Bg2 Bb7 6. Nbd2 c5 7. O-O Nc6 8. dxc5
Bxc5 9. e4 e5 10. Qe2 b4 11. Nb3 d6 12. Be3 Qe7 13. Nh4 g6 14. Bh6 a5 15. Rad1
a4 16. Nxc5 dxc5 17. f4 Nd4 18. Rxd4 cxd4 19. fxe5 Nd7 20. Qd3 Qxe5 21. Nf3 Qe7
22. Nxd4 O-O-O 23. Nb5 Nc5 24. Qe3 Nxe4 25. Bf4 Qc5 26. Qxc5+ Nxc5 27. Nd6+ Rxd6
28. Bxd6 Bxg2 29. Kxg2 Nd3 30. Rxf7 Re8 31. Rxh7 Re2+ 32. Kf3 Rxb2 33. Ke4 Rd2
34. Kd5 Nf4+ 35. Kc6 Ne6 36. Bxb4 Rxa2 37. Kd6 Nd8 38. Rh8 Ra1 39. Ke7 Rd1 40.
h4 Rd7+ 41. Kf6 Rd4 42. Be7 Kc7 43. Kxg6 Nc6 44. Ba3 Rg4+ 45. Kf5 Rxg3 46. Bc5
Kb7 47. Rh7+ Kc8 48. Ke6 a3 49. Kd5 a2 50. Rh8+ Nd8 51. Bd4 Rd3 52. Rh7 a1=Q 0-1

[Event "World Rapid Women 2019"]
[Site "Moscow RUS"]
[Date "2019.12.28"]
[Round "11.17"]
[White "Batsiashvili, Nino"]
[Black "Charochkina, Daria"]
[Result "1-0"]
[WhiteTitle "GM"]
[BlackTitle "IM"]
[WhiteElo "2447"]
[BlackElo "2355"]
[WhiteFideId "13602993"]
[BlackFideId "4180917"]
[EventDate "2019.12.26"]

1. c4 e5 2. Nc3 Nf6 3. Nf3 Nc6 4. e4 Bc5 5. Nxe5 Nxe5 6. d4 Bb4 7. dxe5 Nxe4 8.
Qf3 Ng5 9. Qg3 Ne6 10. Be3 f5 11. Be2 O-O 12. f4 d6 13. Rd1 Qe8 14. O-O Bxc3 15.
bxc3 dxe5 16. fxe5 Bd7 17. Bd3 Qh5 18. Rd2 Rae8 19. Rdf2 Nd8 20. Bxa7 b6 21. c5
Nc6 22. cxb6 cxb6 23. Bxb6 Nxe5 24. Be2 Qf7 25. Bc5 Qd5 26. Bxf8 Rxf8 27. Qe3
Bc6 28. Qd4 Qe6 29. Bd1 Bd5 30. Bb3 Bxb3 31. axb3 Qf6 32. Rxf5 1-0

[Event "World Rapid Women 2019"]
[Site "Moscow RUS"]
[Date "2019.12.28"]
[Round "11.18"]
[White "Gaponenko, Inna"]
[Black "Paehtz, Elisabeth"]
[Result "0-1"]
[WhiteTitle "IM"]
[BlackTitle "IM"]
[WhiteElo "2396"]
[BlackElo "2475"]
[WhiteFideId "14101181"]
[BlackFideId "4641833"]
[EventDate "2019.12.26"]

1. e4 c5 2. c3 d5 3. exd5 Qxd5 4. d4 g6 5. Nf3 Bg7 6. Na3 cxd4 7. Bc4 Qd8 8. Qb3
e6 9. Bf4 a6 10. Rd1 Nc6 11. cxd4 Nge7 12. O-O O-O 13. d5 exd5 14. Bxd5 Nxd5 15.
Rxd5 Qf6 16. Qe3 Be6 17. Rd2 Bxa2 18. Bg5 Qe6 19. Qc5 Rfe8 20. b4 Bf8 21. Qc2
Bb3 22. Qb2 Bxb4 23. Nd4 Nxd4 24. Rxd4 Bf8 25. Rd3 Bd5 26. Re3 Qf5 27. Bh4 Rxe3
28. fxe3 Qe4 29. Rf4 Qxe3+ 0-1

[Event "World Rapid Women 2019"]
[Site "Moscow RUS"]
[Date "2019.12.28"]
[Round "11.19"]
[White "Mammadzada, Gunay"]
[Black "Shuvalova, Polina"]
[Result "0-1"]
[WhiteTitle "IM"]
[BlackTitle "WGM"]
[WhiteElo "2455"]
[BlackElo "2446"]
[WhiteFideId "13403729"]
[BlackFideId "24171760"]
[EventDate "2019.12.26"]

1. d4 Nf6 2. c4 e6 3. g3 d5 4. Bg2 Bb4+ 5. Nc3 O-O 6. Nf3 dxc4 7. O-O Nc6 8. a3
Be7 9. e4 Rb8 10. Be3 Na5 11. Qc2 b5 12. Rad1 Bb7 13. Ne5 a6 14. d5 exd5 15.
exd5 Nb3 16. Nc6 Bxc6 17. dxc6 Qc8 18. Rfe1 Re8 19. Bg5 Nc5 20. Bf1 h6 21. Bxf6
Bxf6 22. Nd5 Be5 23. b4 Nb3 24. f4 Bd6 25. Bxc4 bxc4 26. Qxc4 Na5 27. bxa5 Rb5
28. Nc3 Rc5 29. Rxe8+ Qxe8 30. Qe4 Qxc6 31. Nd5 Rc2 32. Rb1 Qc5+ 33. Kh1 c6 34.
Qe8+ Bf8 35. Nb4 Rd2 36. Qe1 Qc3 37. Qf1 c5 38. Nc6 Qc2 39. Ne5 Rxh2+ 40. Kg1 c4
41. Nd7 Be7 42. Re1 Bxa3 43. Qf3 Rd2 44. Qc6 Qd3 45. Re8+ Kh7 46. Nf6+ gxf6 0-1

[Event "World Rapid Women 2019"]
[Site "Moscow RUS"]
[Date "2019.12.28"]
[Round "11.20"]
[White "Saduakassova, Dinara"]
[Black "Doluhanova, Evgeniya"]
[Result "1-0"]
[WhiteTitle "IM"]
[BlackTitle "WGM"]
[WhiteElo "2505"]
[BlackElo "2293"]
[WhiteFideId "13700090"]
[BlackFideId "14112035"]
[EventDate "2019.12.26"]

1. e4 e5 2. Nf3 Nc6 3. Bc4 Bc5 4. d3 Nf6 5. O-O O-O 6. h3 a6 7. a4 h6 8. Nbd2 d6
9. c3 Be6 10. b4 Bb6 11. Bxe6 fxe6 12. Nc4 Ba7 13. a5 Qe8 14. Be3 Bxe3 15. Nxe3
d5 16. Qb3 dxe4 17. dxe4 Nxe4 18. Qc2 Nd6 19. Ng4 Qh5 20. Rae1 Rxf3 21. gxf3
Qxh3 22. Qg6 Rf8 23. Nxe5 Rf5 24. Qxe6+ Kh7 25. Qg6+ Kh8 26. f4 Nxe5 27. Rxe5
Rxf4 28. f3 Rf6 29. Qg4 Qxg4+ 30. fxg4 Rg6 31. Rf4 Kh7 32. Kg2 Nb5 33. c4 Na3
34. Kg3 Rd6 35. Re7 Rc6 36. c5 Nc2 37. Rff7 Rg6 38. Re4 Rc6 39. Kh4 b6 40. Ree7
Nxb4 41. Rxg7+ Kh8 42. Rxc7 bxc5 43. Rh7+ Kg8 44. Rxc6 Nxc6 45. Rxh6 Nxa5 46.
Rxa6 Nb3 47. Ra7 c4 48. Rc7 Nd2 49. Kh5 Kf8 50. g5 1-0

[Event "World Rapid Women 2019"]
[Site "Moscow RUS"]
[Date "2019.12.28"]
[Round "11.21"]
[White "Cramling, Pia"]
[Black "Geller, Anastasiya"]
[Result "1-0"]
[WhiteTitle "GM"]
[BlackTitle "WFM"]
[WhiteElo "2461"]
[BlackElo "2161"]
[WhiteFideId "1700030"]
[BlackFideId "24119059"]
[EventDate "2019.12.26"]

1. Nf3 d5 2. d4 Nf6 3. c4 e6 4. Nc3 c6 5. Bg5 Be7 6. e3 Ne4 7. Bxe7 Qxe7 8. Rc1
O-O 9. Bd3 Nxc3 10. Rxc3 Nd7 11. Qb1 h6 12. O-O dxc4 13. Bxc4 c5 14. Rfc1 cxd4
15. Nxd4 Nb6 16. Bb3 e5 17. Qe4 Qd6 18. Nf3 Re8 19. Rc5 Nd7 20. Rc7 Rb8 21. Qc4
Rf8 22. Rd1 Qb6 23. Rcxd7 Bxd7 24. Rxd7 Qf6 25. Qe4 Rbc8 26. h3 Rc5 27. Rxb7 a5
28. Rd7 g6 29. Qd3 Kg7 30. Qe4 Rc1+ 31. Kh2 Rc5 32. g3 h5 33. Kg2 g5 34. h4 gxh4
35. Nxh4 Rc1 36. Rd6 Qg5 37. Nf5+ Kg8 38. Qxe5 Kh7 39. Rh6+ 1-0